| 000 | 01064nam a22003257a 4500 | ||
|---|---|---|---|
| 003 | CHAP | ||
| 005 | 20220329140823.0 | ||
| 008 | 971013s1986 us a r 00010 eng d | ||
| 010 | _a58139 | ||
| 011 | _a59111 | ||
| 035 | _a63268 | ||
| 040 | _cCHAP | ||
| 082 | 0 | 4 |
_a583.46 _bS5 |
| 100 | 0 | 0 |
_aSmith, Lyman Bradford. _9107076 |
| 245 | 1 | _aBegoniaceae | |
| 260 |
_aWashington : _bSmithsonian Institution, _c1986 |
||
| 300 |
_a584 p. _b: ilus. |
||
| 490 |
_aSmithsonian contributions to botany _v; 60 |
||
| 505 | 1 | _aContenido : Pte. I Ilustrated key.--Pte. II Annotated species list | |
| 590 |
_aBATCH-UPD _b10 _c20130110 _lUCH01 _h0443 |
||
| 590 |
_aBATCH-UPD _b10 _c20130410 _lUCH01 _h0120 |
||
| 590 |
_aBATCH-UPD _b10 _c20130914 _lUCH01 _h0556 |
||
| 590 |
_aCONVERSION _b10 _c20130109 _lUCH01 _h1331 |
||
| 650 | 1 | 4 |
_aBegonias _xBibliografía. _911283 |
| 650 | 1 | 4 |
_aBegonias _xIdentificación. _911288 |
| 830 | 0 |
_aSmithsonian contributions to botany _v; 60 _9107168 |
|
| 901 | _aBK | ||
| 942 | _cLIBRO | ||
| 949 |
_a583.46 S5 _bBC _cC _d33724000919874 _eC _h69203 _i63268 _si |
||
| 999 |
_c58139 _d58139 |
||